All about our world

Bibliographic Details
Main Author: Rice, Melanie
Other Authors: Rice, Chris . Smith, Leslie (illust by)
Format: Book
Published: London : KIngfisher Books , 1990
Series:All about series
Subjects:

MARC

LEADER 00000cam a2200000 7i4500
001 0000005951
002 000006426
005 .0
020 |a 0862723329 
090 0 0 |a J 030   |b ALL 
100 1 |a Rice, Melanie 
245 1 0 |a All about our world   |c Melanie and Chris Rice ; illust by Lesley Somith 
260 |a London :   |b KIngfisher Books ,   |c 1990 
300 |a 45 p. :   |b ill. ;   |c 32 cm. 
490 0 |a All about series 
650 0 0 |a Enviroment   |x Jurenile literature 
700 1 |a Rice, Chris .  |a Smith, Leslie ,   |e illust by 
999 |a 030970   |b BUKU   |c RUJUKAN   |e PERPUSTAKAAN KOMUNITI PETALING JAYA